<?xml version="1.0" encoding="UTF-8"?>
<record
    xmlns:xsi="http://www.w3.org/2001/XMLSchema-instance"
    xsi:schemaLocation="http://www.loc.gov/MARC21/slim http://www.loc.gov/standards/marcxml/schema/MARC21slim.xsd"
    xmlns="http://www.loc.gov/MARC21/slim">

  <leader>02321nam a2200325 i 4500</leader>
  <controlfield tag="001">000007218</controlfield>
  <controlfield tag="003">DO-SdBNP</controlfield>
  <controlfield tag="005">20240520095734.0</controlfield>
  <controlfield tag="007">ta</controlfield>
  <controlfield tag="008">090907s19?     dr a          001 0 spa d</controlfield>
  <datafield tag="040" ind1=" " ind2=" ">
    <subfield code="a">DO-SdBNP</subfield>
    <subfield code="b">spa</subfield>
    <subfield code="c">BNPHU</subfield>
    <subfield code="e">rda</subfield>
  </datafield>
  <datafield tag="082" ind1=" " ind2=" ">
    <subfield code="a">460.071</subfield>
    <subfield code="b">M777g</subfield>
    <subfield code="2">22</subfield>
  </datafield>
  <datafield tag="245" ind1="1" ind2="0">
    <subfield code="a">Cuenta conmigo! Espa&#xF1;ol 7 :</subfield>
    <subfield code="b">gu&#xED;a did&#xE1;ctica /</subfield>
    <subfield code="c">Liliana Montenegro, Ana M. Hach&#xE9; de Yun&#xE9;n; ilustradora Marta de Olloqui</subfield>
  </datafield>
  <datafield tag="246" ind1=" " ind2=" ">
    <subfield code="a">Gu&#xED;a did&#xE1;ctica:</subfield>
    <subfield code="b">&#xA1;cuenta conmigo! espa&#xF1;ol 7</subfield>
  </datafield>
  <datafield tag="264" ind1=" " ind2=" ">
    <subfield code="a">Santo Domingo :</subfield>
    <subfield code="b">PUCMM-EDUCA/PIPE,</subfield>
    <subfield code="c">[sin fecha]</subfield>
  </datafield>
  <datafield tag="300" ind1=" " ind2=" ">
    <subfield code="a">150 paginas. :</subfield>
    <subfield code="b">ilustraciones. ;</subfield>
    <subfield code="c">22 cm.</subfield>
  </datafield>
  <datafield tag="336" ind1=" " ind2=" ">
    <subfield code="2">rdacontent</subfield>
    <subfield code="a">texto</subfield>
    <subfield code="b">txt</subfield>
  </datafield>
  <datafield tag="337" ind1=" " ind2=" ">
    <subfield code="2">rdamedia</subfield>
    <subfield code="a">sin mediaci&#xF3;n</subfield>
    <subfield code="b">n</subfield>
  </datafield>
  <datafield tag="338" ind1=" " ind2=" ">
    <subfield code="2">rdacarriaer</subfield>
    <subfield code="a">volumen</subfield>
    <subfield code="b">nc</subfield>
  </datafield>
  <datafield tag="500" ind1=" " ind2=" ">
    <subfield code="a">La biblioteca posee 7 </subfield>
  </datafield>
  <datafield tag="505" ind1=" " ind2=" ">
    <subfield code="a">Unidad I: Encuentros 1|1. Lectura comprensiva 2|2. Vocabulario 7|3. Gram&#xE1;tica 10|4. Ortograf&#xED;a 12|5. Expresi&#xF3;n oral y escrita 14|Respuestas de la Unidad I para el libro 17|Respuestas de la Unidad I para el cuaderno de trabajo 26|Unidad II: La madre naturaleza 32|1. Lectura comprensiva 33|2. Vocabulario 36|3. Gram&#xE1;tica 37|4. Ortograf&#xED;a 39|5. Expresi&#xF3;n oral y escrita 39|Respuestas de la Unidad II para el libro 42|Respuestas de la Unidad II para el cuaderno de trabajo 52|Unidad III: Hombro con hombro 59|1. Lectura comprensiva 60|2. Vocabulario 64|3. Gram&#xE1;tica 66|4. Ortograf&#xED;a 68|5. Expresi&#xF3;n oral y escrita 70|Respuestas de la Unidad III para el libro 74|Respuestas de la Unidad III para el cuaderno de trabajo 86|Unidad IV: Con otros ojos 93|1. Lectura comprensiva 94|2. Vocabulario 97|3. Gram&#xE1;tica 99|4. Ortograf&#xED;a 101|5. Expresi&#xF3;n oral y escrita 102|Respuestas de la Unidad IV para el libro 105|Respuestas de la Unidad IV para el cuaderno de trabajo 118|Unidad V: Otros mundos 125|1. Lectura comprensiva 126|2. Vocabulario 128|3. Gram&#xE1;tica 130|4. Ortograf&#xED;a 131|5. Expresi&#xF3;n oral y escrita 132|Respuestas de la Unidad V para el libro 134|Respuestas de la Unidad V para el cuaderno de trabajo 145</subfield>
  </datafield>
  <datafield tag="590" ind1=" " ind2=" ">
    <subfield code="a">Inventariado, 2023 / DG</subfield>
  </datafield>
  <datafield tag="650" ind1=" " ind2="0">
    <subfield code="a">Educaci&#xF3;n secundaria</subfield>
    <subfield code="9">83598</subfield>
  </datafield>
  <datafield tag="650" ind1=" " ind2="4">
    <subfield code="a">Espa&#xF1;ol</subfield>
    <subfield code="9">17487</subfield>
  </datafield>
  <datafield tag="650" ind1=" " ind2="0">
    <subfield code="a">Maestros</subfield>
    <subfield code="x">Ense&#xF1;anza</subfield>
    <subfield code="9">17439</subfield>
  </datafield>
  <datafield tag="700" ind1="1" ind2=" ">
    <subfield code="a">Hach&#xE9; de Yun&#xE9;n, Ana Margarita,</subfield>
    <subfield code="e">autor</subfield>
    <subfield code="9">83586</subfield>
  </datafield>
  <datafield tag="700" ind1="1" ind2=" ">
    <subfield code="a">Olloqui, Marta de, </subfield>
    <subfield code="e">ilustraciones</subfield>
    <subfield code="9">83687</subfield>
  </datafield>
  <datafield tag="910" ind1=" " ind2=" ">
    <subfield code="a">DG</subfield>
  </datafield>
  <datafield tag="942" ind1=" " ind2=" ">
    <subfield code="2">ddc</subfield>
    <subfield code="c">LBS1</subfield>
  </datafield>
  <datafield tag="952" ind1=" " ind2=" ">
    <subfield code="0">0</subfield>
    <subfield code="1">0</subfield>
    <subfield code="2">ddc</subfield>
    <subfield code="5">1</subfield>
    <subfield code="7">0</subfield>
    <subfield code="8">PD</subfield>
    <subfield code="a">BNPHU</subfield>
    <subfield code="b">BNPHU</subfield>
    <subfield code="c">CT</subfield>
    <subfield code="d">2023-06-26</subfield>
    <subfield code="e">donado</subfield>
    <subfield code="o">BNPHU PD 460.071 M777g, 7</subfield>
    <subfield code="p">2023-2751</subfield>
    <subfield code="r">2023-06-26</subfield>
    <subfield code="w">2023-06-26</subfield>
    <subfield code="y">LBS1</subfield>
  </datafield>
  <datafield tag="952" ind1=" " ind2=" ">
    <subfield code="0">0</subfield>
    <subfield code="1">0</subfield>
    <subfield code="2">ddc</subfield>
    <subfield code="5">1</subfield>
    <subfield code="7">0</subfield>
    <subfield code="8">PD</subfield>
    <subfield code="a">BNPHU</subfield>
    <subfield code="b">BNPHU</subfield>
    <subfield code="c">CT</subfield>
    <subfield code="d">2014-12-11</subfield>
    <subfield code="e">Donado por Barbara Suncar</subfield>
    <subfield code="l">0</subfield>
    <subfield code="o">460.071 M777g</subfield>
    <subfield code="p">2023-6873</subfield>
    <subfield code="r">2023-10-11</subfield>
    <subfield code="t">e.2</subfield>
    <subfield code="w">2023-10-11</subfield>
    <subfield code="y">LBS1</subfield>
  </datafield>
  <datafield tag="999" ind1=" " ind2=" ">
    <subfield code="c">53950</subfield>
    <subfield code="d">53950</subfield>
  </datafield>
</record>
